00486nam a2200145 a 450000100100000000500170001000800410002702000150006804000250008310000290010824501080013726000420024530000210028770000320030800003796120201002031138.0130311s1989 mx 000 0 spa d a968664879x aDO-SdBNPbspacBNPHU1 aChamorro Cardenal, Jaime13aLa prensa la república de papel /cJaime Chamorro Cardenal ; traducción Elsa Ruth Martínez Conde. aMéxico :bEdiciones Gernika,c1989. a216 p. ;c22 cm.1 aMartínez Conde, Elsa Ruth